[Event "Chigorin Memorial 26th"]
[Site "St Petersburg"]
[Date "2018.11.02"]
[Round "7"]
[White "Shemakhanov, Danila"]
[Black "Ageeva, Vasilisa"]
[Result "1/2-1/2"]
[WhiteElo "1559"]
[BlackElo "1745"]
[PlyCount "127"]
[EventDate "2018.10.27"]
[EventType "swiss"]
[EventRounds "9"]
[EventCountry "RUS"]
[SourceTitle "CBM 187 Extra"]
[Source "ChessBase"]
[SourceDate "2018.11.04"]
[SourceVersion "1"]
[SourceVersionDate "2018.11.04"]
[SourceQuality "1"]

1. e4 c5 2. Nf3 e6 3. d4 cxd4 4. Nxd4 Nf6 5. Nc3 Nc6 6. Ndb5 Bc5 7. Bg5 0-0 8. Bc4 a6 9. Nd6 b5 10. Be2 Nd4 11. e5 Nxe2 12. Qxe2 Bxd6 13. exf6 g6 14. Qe3 b4 15. Ne2 Qa5 16. 0-0-0 Qe5 17. Rxd6 Qxd6 18. Bf4 Qd5 19. Bd6 Qh5 20. h4 g5 21. Bxf8 Kxf8 22. Qc5+ Kg8 23. Qb6 h6 24. Qd8+ Kh7 25. Qf8 Qg6 26. Qxb4 d5 27. hxg5 Qxg5+ 28. Qf4 Kg6 29. Qxg5+ hxg5 30. Kd2 Kxf6 31. c3 a5 32. b3 Bb7 33. f3 Ba6 34. Ng3 Rg8 35. Ke3 Rc8 36. Kd2 Rg8 37. Rh6+ Kg7 38. Nf5+ Kf8 39. Nd4 Bf1 40. g3 Kg7 41. Rh1 Ba6 42. Nc6 a4 43. b4 a3 44. Na5 Rc8 45. Rb1 Bc4 46. Nxc4 dxc4 47. Rd1 Kf6 48. Ke3 Rc7 49. Rd8 Ke5 50. Ra8 Rd7 51. Ra5+ Kf6 52. Rxa3 Rd3+ 53. Ke4 Kg6 54. g4 f5+ 55. gxf5+ exf5+ 56. Ke5 Rxf3 57. b5 g4 58. Ra6+ Kg5 59. Ra8 Rf2 60. Rg8+ Kh6 61. a4 Kh7 62. Rg5 Kh6 63. Rg8 Kh7 64. Rg5 1/2-1/2

[Event "Chigorin Memorial 26th"]
[Site "St Petersburg"]
[Date "2018.11.01"]
[Round "6"]
[White "Ageeva, Vasilisa"]
[Black "Kundianok, Vladislav"]
[Result "0-1"]
[WhiteElo "1745"]
[BlackElo "1918"]
[PlyCount "70"]
[EventDate "2018.10.27"]
[EventType "swiss"]
[EventRounds "9"]
[EventCountry "RUS"]
[SourceTitle "CBM 187 Extra"]
[Source "ChessBase"]
[SourceDate "2018.11.04"]
[SourceVersion "1"]
[SourceVersionDate "2018.11.04"]
[SourceQuality "1"]

1. d4 Nf6 2. Nc3 d5 3. Bf4 Bf5 4. f3 h5 5. e3 c5 6. Nb5 Na6 7. dxc5 Rc8 8. Nd4 Bd7 9. c6 bxc6 10. c3 Nb8 11. Rc1 e6 12. Be2 Bc5 13. Nh3 Qe7 14. Be5 0-0 15. Nf2 Ne8 16. Nc2 Bb6 17. h4 f6 18. Bh2 e5 19. 0-0 Nd6 20. g4 hxg4 21. Nxg4 Nf7 22. Bg3 f5 23. Nf2 g5 24. h5 f4 25. exf4 gxf4 26. Bh2 Qh4 27. Ne1 Qxh5 28. Kh1 Nh6 29. Rg1+ Kf7 30. c4 Rh8 31. Rg2 Rcg8 32. Ng4 Nf5 33. Nxe5+ Ke7 34. Ng4 Rxg4 35. fxg4 Ng3+ 0-1

[Event "St Petersburg Korchnoi Memorial op"]
[Site "St Petersburg"]
[Date "2018.08.19"]
[Round "5"]
[White "Poliansky, Vladislav"]
[Black "Ageeva, Vasilisa"]
[Result "1-0"]
[WhiteElo "1957"]
[BlackElo "1631"]
[PlyCount "49"]
[EventDate "2018.08.15"]
[EventType "swiss"]
[EventRounds "9"]
[EventCountry "RUS"]
[SourceTitle "CBM 186 Extra"]
[Source "ChessBase"]
[SourceDate "2018.08.24"]
[SourceVersion "1"]
[SourceVersionDate "2018.08.24"]
[SourceQuality "1"]

1. d4 d5 2. Nf3 c6 3. e3 e6 4. Bd3 f5 5. Ne5 Nf6 6. c4 Bb4+ 7. Bd2 Bxd2+ 8. Nxd2 0-0 9. f4 Ne4 10. 0-0 Rf6 11. Nxe4 dxe4 12. Bc2 Rh6 13. Qd2 Nd7 14. Rad1 Qh4 15. g3 Qh3 16. Bb3 Nf6 17. d5 Qh5 18. dxc6 bxc6 19. Qd8+ Ne8 20. Rf2 Bb7 21. Qe7 Ba6 22. c5 Rf6 23. Bxe6+ Kh8 24. Rd7 Bc8 25. Nf7+ 1-0

[Event "St Petersburg Korchnoi Memorial op"]
[Site "St Petersburg"]
[Date "2018.08.18"]
[Round "4"]
[White "Ageeva, Vasilisa"]
[Black "Natarov, Ilya"]
[Result "1/2-1/2"]
[WhiteElo "1631"]
[BlackElo "1981"]
[PlyCount "68"]
[EventDate "2018.08.15"]
[EventType "swiss"]
[EventRounds "9"]
[EventCountry "RUS"]
[SourceTitle "CBM 186 Extra"]
[Source "ChessBase"]
[SourceDate "2018.08.24"]
[SourceVersion "1"]
[SourceVersionDate "2018.08.24"]
[SourceQuality "1"]

1. e4 c5 2. Nf3 d6 3. d4 cxd4 4. Nxd4 Nf6 5. Nc3 a6 6. h3 e5 7. Nde2 Be6 8. g4 d5 9. exd5 Nxd5 10. Bg2 Bb4 11. 0-0 Bxc3 12. Nxc3 Nxc3 13. Qxd8+ Kxd8 14. bxc3 h5 15. Bxb7 Ra7 16. Bf3 Rc7 17. Bd2 hxg4 18. Bxg4 f5 19. Be2 Rxh3 20. Kg2 f4 21. Rh1 Rxh1 22. Rxh1 Ke7 23. Rb1 Nd7 24. Bxa6 Bxa2 25. Re1 Bd5+ 26. f3 Kf6 27. Kf2 Nc5 28. Bb5 Rb7 29. c4 Bf7 30. Bc3 Re7 31. Bb4 Rc7 32. Bc3 Re7 33. Bb4 Rc7 34. Bc3 Re7 1/2-1/2

[Event "St Petersburg Korchnoi Memorial op"]
[Site "St Petersburg"]
[Date "2018.08.16"]
[Round "2"]
[White "Ageeva, Vasilisa"]
[Black "Navrodsky, Boris"]
[Result "0-1"]
[WhiteElo "1631"]
[BlackElo "2327"]
[PlyCount "46"]
[EventDate "2018.08.15"]
[EventType "swiss"]
[EventRounds "9"]
[EventCountry "RUS"]
[SourceTitle "CBM 186 Extra"]
[Source "ChessBase"]
[SourceDate "2018.08.24"]
[SourceVersion "1"]
[SourceVersionDate "2018.08.24"]
[SourceQuality "1"]

1. d4 d5 2. Nc3 c6 3. Bf4 Nf6 4. f3 e6 5. Qd2 Bb4 6. a3 Ba5 7. 0-0-0 b5 8. Bxb8 Rxb8 9. Qf4 Bc7 10. Qg5 h6 11. Qh4 b4 12. axb4 Rxb4 13. e3 Bd7 14. Bd3 Qb8 15. b3 c5 16. Na2 c4 17. Nxb4 Qxb4 18. bxc4 Ba5 19. Rf1 Qd2+ 20. Kb1 Qb4+ 21. Kc1 dxc4 22. Be4 Qc3 23. Kb1 0-0 0-1

[Event "St Petersburg-ch (Women)"]
[Site "St Petersburg"]
[Date "2018.03.26"]
[Round "8"]
[White "Ageeva, Vasilisa"]
[Black "Pankova, Julia"]
[Result "0-1"]
[WhiteElo "1645"]
[BlackElo "1810"]
[PlyCount "94"]
[EventDate "2018.03.19"]
[EventType "swiss"]
[EventRounds "9"]
[EventCountry "RUS"]
[SourceTitle "CBM 183 Extra"]
[Source "ChessBase"]
[SourceDate "2018.04.19"]
[SourceVersion "1"]
[SourceVersionDate "2018.04.19"]
[SourceQuality "1"]

1. e4 c5 2. Nf3 Nc6 3. d4 cxd4 4. Nxd4 e5 5. Nb3 Nf6 6. Bg5 Be7 7. Nc3 0-0 8. Bxf6 Bxf6 9. Nd5 d6 10. Bc4 Be6 11. 0-0 Rc8 12. c3 Be7 13. Qd3 Qd7 14. Rfd1 Rcd8 15. Nxe7+ Nxe7 16. Bxe6 Qxe6 17. c4 Kh8 18. Rd2 g6 19. Rad1 f5 20. Qf1 b6 21. Qe2 Kg7 22. exf5 Nxf5 23. f4 e4 24. Nd4 Nxd4 25. Rxd4 Rxf4 26. Qe3 Rdf8 27. Qc3 Kg8 28. Qe3 Qe5 29. Re1 Qf6 30. h3 Re8 31. Qc3 Re6 32. Kh2 Qe5 33. Kg1 Qg5 34. Qe3 Qf6 35. Kh2 h5 36. Red1 h4 37. Qa3 Qe5 38. Kg1 e3 39. Rxf4 Qxf4 40. Rf1 Qd4 41. Qc3 Qc5 42. b4 Qg5 43. Rf3 e2 44. Qe1 Qe5 45. Rd3 Rf6 46. Rf3 Rxf3 47. gxf3 Qg3+ 0-1

[Event "Chigorin Memorial 25th"]
[Site "St Petersburg"]
[Date "2017.10.22"]
[Round "2"]
[White "Savinov, Leonid"]
[Black "Ageeva, Vasilisa"]
[Result "1-0"]
[WhiteElo "2035"]
[BlackElo "1649"]
[PlyCount "57"]
[EventDate "2017.10.21"]
[EventType "swiss"]
[EventRounds "9"]
[EventCountry "RUS"]
[SourceTitle "CBM 181 Extra"]
[Source "ChessBase"]
[SourceDate "2017.12.12"]
[SourceVersion "1"]
[SourceVersionDate "2017.12.12"]
[SourceQuality "1"]

1. d4 d5 2. Nf3 Nf6 3. c4 e6 4. cxd5 exd5 5. Nc3 Be7 6. Bf4 c6 7. Qc2 0-0 8. e3 Nbd7 9. Bd3 Re8 10. h3 h6 11. 0-0 Nf8 12. a3 a5 13. Bh2 Bd6 14. Ne5 N6d7 15. f4 Nf6 16. Kh1 Qc7 17. Rac1 Qe7 18. Rce1 Qc7 19. g4 Ne6 20. Qg2 Re7 21. g5 hxg5 22. fxg5 Nd7 23. Bh7+ Kxh7 24. g6+ Kh8 25. gxf7 Nef8 26. Qg5 Re6 27. Rg1 g6 28. Qh6+ Nh7 29. Rxg6 1-0

[Event "St Petersburg Summer op"]
[Site "St Petersburg"]
[Date "2017.08.23"]
[Round "8"]
[White "Zorina, Elizaveta1111"]
[Black "Ageeva, Vasilisa"]
[Result "1-0"]
[WhiteElo "1846"]
[BlackElo "1562"]
[PlyCount "121"]
[EventDate "2017.08.16"]
[EventType "swiss"]
[EventRounds "9"]
[EventCountry "RUS"]
[SourceTitle "CBM 180 Extra"]
[Source "ChessBase"]
[SourceDate "2017.10.06"]
[SourceVersion "1"]
[SourceVersionDate "2017.10.06"]
[SourceQuality "1"]

1. e4 Nc6 2. Nf3 d6 3. d4 g6 4. Bd3 Bg7 5. c3 e6 6. 0-0 Nge7 7. Bg5 0-0 8. Re1 e5 9. d5 Nb8 10. Qc1 Nd7 11. h3 Nc5 12. Bc2 f6 13. Be3 Nd7 14. c4 f5 15. exf5 Nxf5 16. Bg5 Nf6 17. Nc3 Bd7 18. Ne4 b6 19. Qd2 Ne7 20. Rab1 a5 21. b3 Qe8 22. a3 Kh8 23. Ra1 Qf7 24. Nc3 Nh5 25. Be4 Nf6 26. Nh2 Nf5 27. Bxf5 Bxf5 28. Rac1 Rae8 29. f3 Bd7 30. b4 axb4 31. axb4 Nh5 32. Ne4 Nf4 33. Ra1 Ra8 34. Ng4 Nh5 35. Be3 Bf5 36. Ngf2 Nf6 37. Ng3 Bd7 38. Nfe4 Nxe4 39. Nxe4 Bf5 40. Ng5 Qf6 41. Ne4 Qf7 42. c5 Bxe4 43. fxe4 bxc5 44. bxc5 Kg8 45. c6 Qe7 46. Bg5 Bf6 47. Bh6 Bg7 48. Be3 Bf6 49. Rf1 Bg7 50. Bg5 Qe8 51. Qc3 Rxf1+ 52. Kxf1 Qf7+ 53. Ke2 Rf8 54. Qf3 Qe8 55. Qg4 Kh8 56. Rf1 Rg8 57. Qd7 Qb8 58. Rf7 Qb5+ 59. Kf2 Qb2+ 60. Kg3 Qc3+ 61. Kh2 1-0

[Event "St Petersburg Summer op"]
[Site "St Petersburg"]
[Date "2017.08.16"]
[Round "1"]
[White "Ageeva, Vasilisa"]
[Black "Shoboev, Dandar"]
[Result "0-1"]
[WhiteElo "1562"]
[BlackElo "2108"]
[PlyCount "54"]
[EventDate "2017.08.16"]
[EventType "swiss"]
[EventRounds "9"]
[EventCountry "RUS"]
[SourceTitle "CBM 180 Extra"]
[Source "ChessBase"]
[SourceDate "2017.10.06"]
[SourceVersion "1"]
[SourceVersionDate "2017.10.06"]
[SourceQuality "1"]

1. d4 Nf6 2. Nf3 e6 3. e3 d5 4. Bd3 c5 5. c3 Nc6 6. 0-0 Bd6 7. Nbd2 0-0 8. b3 e5 9. dxe5 Nxe5 10. Be2 Bf5 11. Nxe5 Bxe5 12. Bb2 Qa5 13. Qc1 Rfe8 14. Nf3 Bd6 15. Rd1 Rad8 16. h3 Bb8 17. Bf1 Qc7 18. g3 Qc8 19. h4 Bg4 20. Nh2 Bxd1 21. Qxd1 Ne4 22. Bb5 Re7 23. Qf3 Rd6 24. Ng4 h5 25. Nh2 Rf6 26. Qxh5 Rxf2 27. Ng4 Rf5 0-1